|
|
|
|
| LEADER |
00000nab a2200000 ar4500 |
| 001 |
vtls008943723 |
| 003 |
SK-MaSNL |
| 005 |
20260303070924.0 |
| 008 |
070207c20070111xo dr|p|||||||000 b|slo |
| 015 |
|
|
|a SNBRB2007/02
|2 snkbucl
|
| 040 |
|
|
|a SNKBUCL
|b slo
|c SNKBUCL
|e AACR2
|
| 041 |
0 |
|
|a slo
|
| 044 |
|
|
|a xo
|c SK
|
| 080 |
|
|
|a 791.221.4
|x (430+44+460)
|2 2001
|
| 100 |
1 |
|
|a Kadlecová, Janka
|4 aut
|9 1068967
|
| 245 |
1 |
0 |
|a Neucítite ho, ale bez pachu nie je
|b nemecký režisér Tom Tykwer sa pokúsil sfilmovať ...
|c Jana Kadlecová
|
| 300 |
|
|
|b Fotogr.
|
| 630 |
0 |
7 |
|a Parfum: príbeh vraha (film)
|2 snkbucl
|9 1068816
|
| 655 |
|
7 |
|a recenzie
|2 snkbucl
|9 21907
|
| 773 |
0 |
|
|t Sme
|g Roč. 16, č. 8 (11.1.2007), s. 23
|x 1335-440X
|
| 852 |
|
|
|a SNK
|b KIS3GCP
|
| 958 |
|
|
|a RC
|
| 958 |
|
|
|a DE
|
| 958 |
|
|
|a FR
|
| 958 |
|
|
|a ES
|
| 999 |
|
|
|c 1757534
|d 1759464
|